Country Flags with the Color Black - Statistics

General Stats
  • This quiz has been taken 23 times
  • The average score is 24 of 42
Answer Stats
Answer % Correct
Egypt
93%
Iraq
87%
Kuwait
80%
Sudan
80%
Syria
80%
Afghanistan
73%
Belgium
73%
Germany
73%
Jordan
73%
Libya
73%
UAE
73%
Yemen
73%
Angola
67%
Antigua and Barbuda
67%
South Africa
67%
Botswana
60%
Estonia
60%
Jamaica
60%
Kenya
60%
Papua New Guinea
60%
South Sudan
60%
Uganda
60%
Tanzania
53%
Timor Leste
53%
Zambia
53%
Zimbabwe
53%
Albania
47%
Brunei
47%
Ghana
47%
Saint Lucia
47%
South Korea
47%
Vanuatu
47%
Barbados
40%
Eswatini
40%
Trinidad and Tobago
40%
Guinea-Bissau
33%
Lesotho
33%
Malawi
33%
Palestine
33%
Saint Kitts and Nevis
33%
São Tomé and Príncipe
33%
Dominica
27%
No matching quizzes found
Score Distribution
Percent of People with Each Score
Percentile by Number Answered
Your Score History
You have not taken this quiz